书目信息 |
| 题名: |
算子半群与发展方程
|
|
| 作者: | 王明新 编著 | |
| 分册: | ||
| 出版信息: | 北京 科学出版社 2006 |
|
| 页数: | 188页 | |
| 开本: | 24cm | |
| 丛书名: | 大学数学科学丛书 | |
| 单 册: | ||
| 中图分类: | O152.7 | |
| 科图分类: | ||
| 主题词: | 线性算子半群--应用--发展方程 , 代数 , 数论 , 组合数学 | |
| 电子资源: | ||
| ISBN: | 7-03-017755-X | |
| 000 | 00898oam2 2200277 450 | |
| 001 | 0709000193 | |
| 005 | 20070531125029.35 | |
| 010 | @a7-03-017755-X@dCNY36.00 | |
| 100 | @a20060901d2006 em y0chiy0110 ea | |
| 101 | 0 | @achi |
| 102 | @aCN@b110000 | |
| 105 | @aa z 000yy | |
| 200 | 1 | @a算子半群与发展方程@Asuan zi ban qun yu fa zhan fang cheng@f王明新编著 |
| 210 | @a北京@c科学出版社@d2006 | |
| 215 | @a188页@c照片@d24cm | |
| 225 | 2 | @a大学数学科学丛书@v13 |
| 330 | @a本书共分八章。前两章是预备知识,后面介绍了Co半群和解析半群的基本理论、半线性发展方程的抽象结论、半线性抛物型方程和波动方程等内容。 | |
| 461 | 0 | @12001 @a大学数学科学丛书@v13 |
| 606 | 0 | @a线性算子半群@x应用@x发展方程 |
| 606 | 0 | @a代数 |
| 606 | 0 | @a数论 |
| 606 | 0 | @a组合数学 |
| 690 | @aO152.7@v4 | |
| 701 | 0 | @a王明新@Awang ming xin@f(1957-)@4编著 |
| 801 | 0 | @aCN@b110017@c20070531 |
| 905 | @a10447@dO152.7@e35 | |
| 算子半群与发展方程/王明新编著.-北京:科学出版社,2006 |
| 188页:照片;24cm.-(大学数学科学丛书;13) |
| ISBN 7-03-017755-X:CNY36.00 |
| 本书共分八章。前两章是预备知识,后面介绍了Co半群和解析半群的基本理论、半线性发展方程的抽象结论、半线性抛物型方程和波动方程等内容。 |
| ● |
| 相关链接 |
|
|
|
|
正题名:算子半群与发展方程
索取号:O152.7/35
 
预约/预借
| 序号 | 登录号 | 条形码 | 馆藏地/架位号 | 状态 | 备注 |
| 1 | 0523926 | 205239268 | 第二样本阅览室/ [索取号:O152.7/35] | 在馆 | |
| 2 | 0523927 | 205239277 | 第三借阅区/ [索取号:O152.7/35] | 在馆 | |
| 3 | 0523928 | 205239286 | 第三借阅区/ [索取号:O152.7/35] | 在馆 |